书目信息 |
| 题名: |
太阳物理学
|
|
| 作者: | 谢维尔内 著 ;李竞 译 | |
| 分册: | ||
| 出版信息: | 北京 科学出版社 1960 |
|
| 页数: | 122页 | |
| 开本: | 20cm | |
| 丛书名: | ||
| 单 册: | ||
| 中图分类: | P182 | |
| 科图分类: | ||
| 主题词: | 太阳系 | |
| 电子资源: | ||
| ISBN: | ||
| 000 | 00584nam0 2200205 450 | |
| 001 | 0630363546 | |
| 005 | 20060731154409.51 | |
| 010 | @dCNY0.72 | |
| 100 | @a20060420d1960 km y0chiy0120 ea | |
| 101 | 0 | @achi |
| 102 | @aCN@b110000 | |
| 200 | 1 | @a太阳物理学@Atai yang wu li xue@f(苏)А·Б·谢维尔内著@F(su)А·Б·xie wei er nei zhu@g李竞译@Gli jing yi |
| 210 | @a北京@c科学出版社@d1960 | |
| 215 | 1 | @a122页@d20cm |
| 606 | 0 | @a太阳系 |
| 690 | @aP182@v4 | |
| 701 | 0 | @a谢维尔内@Axie wei er nei@4著 |
| 702 | 0 | @a李竞@Ali jing@4译 |
| 801 | 0 | @aCN@bPFT@c20060731 |
| 905 | @a10447@dP182@e4 | |
| 太阳物理学/(苏)А·Б·谢维尔内著/李竞译.-北京:科学出版社,1960 |
| 122页;20cm |
| ISBN :CNY0.72 |
| ● |
| 相关链接 |
|
|
|
|
正题名:太阳物理学
索取号:P182/4
 
预约/预借
| 序号 | 登录号 | 条形码 | 馆藏地/架位号 | 状态 | 备注 |
| 1 | 0015814 | 202254201 | 密集书库/ [索取号:P182/4] | 在馆 | |
| 2 | 0439179 | 204391791 | 密集书库/ [索取号:P182/4] | 在馆 |